Усовершенствование оптико-телевизионной диагностической системы для медицинского диагностирования; Современные техника и технологии; Т. 3

Détails bibliographiques
Parent link:Современные техника и технологии: 14 Международная научно-практическая конференция студентов, аспирантов и молодых ученых, г. Томск, 24-28 марта 2008 г./ Томский политехнический университет (ТПУ).— , 2008
Т. 3.— 2008.— С. 247-249
Auteur principal: Липовцева Ю. Ю.
Langue:russe
Publié: 2008
Sujets:
Format: MixedMaterials Chapitre de livre
KOHA link:https://koha.lib.tpu.ru/cgi-bin/koha/opac-detail.pl?biblionumber=152640

MARC

LEADER 00000naa2a2200000 4500
001 152640
005 20231031151110.0
035 |a (RuTPU)RU\TPU\book\165497 
090 |a 152640 
100 |a 20090203d2008 k y0rusy50 ca 
101 0 |a rus 
102 |a RU 
200 1 |a Усовершенствование оптико-телевизионной диагностической системы для медицинского диагностирования  |f Ю. Ю. Липовцева 
320 |a Библиогр.: 3 назв. 
461 1 |0 (RuTPU)RU\TPU\book\156858  |t Современные техника и технологии  |o 14 Международная научно-практическая конференция студентов, аспирантов и молодых ученых, г. Томск, 24-28 марта 2008 г.  |o труды  |o в 3 т.  |f Томский политехнический университет (ТПУ)  |d 2008 
463 0 |0 (RuTPU)RU\TPU\book\155178  |t Т. 3  |v С. 247-249  |d 2008  |p 621 с. 
610 1 |a диагностические системы 
610 1 |a оптико-телевизионные системы 
610 1 |a медицина 
610 1 |a диагностирование 
610 1 |a компьютерные системы 
610 1 |a видеодиагностические системы 
610 1 |a Викомед-01 
610 1 |a колпоскопия 
610 1 |a медицинские системы 
610 1 |a труды учёных ТПУ 
700 1 |a Липовцева  |b Ю. Ю. 
801 1 |a RU  |b 63413507  |c 20090203  |g PSBO 
801 2 |a RU  |b 63413507  |c 20141110  |g RCR 
942 |c BK